The Babbar Akali case judgement : (Record no. 523617)

000 -LEADER
fixed length control field 01475cam a22003734a 4500
001 - CONTROL NUMBER
control field 15065794
003 - CONTROL NUMBER IDENTIFIER
control field NUST
005 - DATE AND TIME OF LATEST TRANSACTION
control field 20190516072808.0
008 - FIXED-LENGTH DATA ELEMENTS--GENERAL INFORMATION
fixed length control field 071012s2007 ii 000 0 eng
010 ## - LIBRARY OF CONGRESS CONTROL NUMBER
LC control number 2007375140
020 ## - INTERNATIONAL STANDARD BOOK NUMBER
International Standard Book Number 8189899538
025 ## - OVERSEAS ACQUISITION NUMBER
Overseas acquisition number I-E-2007-375140; 61-91
035 ## - SYSTEM CONTROL NUMBER
System control number (IN-NdUBS)UBS07002759
037 ## - SOURCE OF ACQUISITION
Source of stock number/acquisition Library of Congress -- New Delhi Overseas Office
Terms of availability Rs695.00
038 ## - RECORD CONTENT LICENSOR
Staff Name waseem
040 ## - CATALOGING SOURCE
Original cataloging agency DLC
Transcribing agency DLC
042 ## - AUTHENTICATION CODE
Authentication code lcode
043 ## - GEOGRAPHIC AREA CODE
Geographic area code a-ii---
-- a-pk---
050 00 - LIBRARY OF CONGRESS CALL NUMBER
Classification number KNS40.P64
Item number B32 2007
082 ## - DEWEY DECIMAL CLASSIFICATION NUMBER
Classification number 954.500882946
Author Mark BAB
245 04 - TITLE STATEMENT
Title The Babbar Akali case judgement :
Remainder of title from liberation of gurdwaras to national liberation /
Statement of responsibility, etc. edited by Malwinderjit Singh Waraich, Gurdev Singh Sidhu.
260 ## - PUBLICATION, DISTRIBUTION, ETC.
Place of publication, distribution, etc. Chandigarh :
Name of publisher, distributor, etc. Unistar Books,
Date of publication, distribution, etc. 2007.
300 ## - PHYSICAL DESCRIPTION
Extent xii, 432 p. ;
Dimensions 23 cm.
650 #0 - SUBJECT ADDED ENTRY--TOPICAL TERM
Topical term or geographic name entry element Trials (Political crimes and offenses)
Geographic subdivision India
-- Punjab
General subdivision History
Chronological subdivision 20th century.
9 (RLIN) 14348
650 #0 - SUBJECT ADDED ENTRY--TOPICAL TERM
Topical term or geographic name entry element Trials (Political crimes and offenses)
Geographic subdivision Pakistan
-- Lahore
General subdivision History
Chronological subdivision 20th century.
9 (RLIN) 14349
650 #0 - SUBJECT ADDED ENTRY--TOPICAL TERM
Topical term or geographic name entry element Babar Akalis
General subdivision Trials, litigation, etc.
9 (RLIN) 14350
650 #0 - SUBJECT ADDED ENTRY--TOPICAL TERM
Topical term or geographic name entry element Sikhs
General subdivision Legal status, laws, etc.
Geographic subdivision India
General subdivision History
Chronological subdivision 20th century.
9 (RLIN) 14351
651 #0 - SUBJECT ADDED ENTRY--GEOGRAPHIC NAME
Geographic name Punjab (India)
General subdivision Politics and government
Chronological subdivision 20th century.
9 (RLIN) 5424
700 1# - ADDED ENTRY--PERSONAL NAME
Personal name Waraich, Malwinder Jit Singh.
9 (RLIN) 14352
700 1# - ADDED ENTRY--PERSONAL NAME
Personal name Siddhū, Guradewa Siṅgha,
Dates associated with a name 1941-
9 (RLIN) 14353
906 ## - LOCAL DATA ELEMENT F, LDF (RLIN)
a 7
b cbc
c origode
d 2
e ncip
f 20
g y-gencatlg
942 ## - ADDED ENTRY ELEMENTS (KOHA)
Source of classification or shelving scheme
Koha item type Book
Holdings
Withdrawn status Lost status Source of classification or shelving scheme Damaged status Not for loan Permanent Location Current Location Date acquired Total Checkouts Full call number Barcode Date last seen Price effective from Koha item type
          Central Library (CL) Central Library (CL) 05/16/2019   954.500882946 BAB CL-E-2032 05/16/2019 05/16/2019 Book
© 2023 Central Library, National University of Sciences and Technology. All Rights Reserved.